| 000 | 00423cam a2200169 a 4500 | ||
|---|---|---|---|
| 020 | _a0256221200 | ||
| 040 | _cDLC | ||
| 082 | 0 | 0 | _a005 IRW 1996 A006 Or. |
| 100 | 1 | _aErickson, Fritz J. | |
| 245 | 1 | 0 | _aEffective Windows 95 / |
| 260 |
_aChicago : _bIrwin, _cc1996. |
||
| 300 |
_a97 p. : _bill. ; _c28 cm. |
||
| 500 | _aIncludes index. | ||
| 650 | 0 | _aOperating systems (Computers) | |
| 700 | 1 | _aVonk, John A. | |
| 942 | _cEK | ||
| 999 |
_c11940 _d11940 |
||